| 000 | 00940 a2200229 4500 | ||
|---|---|---|---|
| 999 |
_c5421 _d5421 |
||
| 010 | _aENG-86861 | ||
| 020 |
_a8178241897 _c295.00 |
||
| 035 | _aEN-70394 | ||
| 035 | _aB-284305 | ||
| 037 | _bDBAD / PUB | ||
| 037 | _bAakar Books | ||
| 082 | 1 | 4 | _a301.153 |
| 245 | 1 |
_aGandhi is gone : _bwho will guide us now? Nehru, Prasad, Azad, Vinoba, Kripalani, JP and other introspect Sevagram, March 1948 / _ced. by Gopalakrishna Gandhi ; translated from Hindi by Gopal Gandhi [and] Rupert Snell |
|
| 260 |
_aRanikhet _bPermanent Black _c2007 |
||
| 270 |
_aHimalayana, Mall Road, Ranikhet Cantt _bRanikhet _e263645 _mperblack @gmail.com |
||
| 300 |
_a192 p _c21 cm (Hb) |
||
| 700 | 1 |
_aGandhi, Gopalkrishna _925924 |
|
| 700 | 1 |
_aGandhi Gopal _925925 |
|
| 700 | 1 |
_aSnell, Rupert _925926 |
|
| 942 |
_adpl _cEN _2ddc _h301.153 _mGAN |
||